Fr. Conceicao Rodrigues College of Engineering

Apache Flume:Distributed log collection (Record no. 34662)

MARC details
000 -LEADER
fixed length control field 00348nam a2200169Ia 4500
082 ## - DEWEY DECIMAL CLASSIFICATION NUMBER
Classification number 5.133
Item number HOF
100 ## - MAIN ENTRY--PERSONAL NAME
Personal name Hoffman/Steve
245 ## - TITLE STATEMENT
Title Apache Flume:Distributed log collection
260 ## - PUBLICATION, DISTRIBUTION, ETC.
Name of publisher, distributor, etc. PACKT
Date of publication, distribution, etc. 2013
366 ## - TRADE AVAILABILITY INFORMATION
Publishers's discount category 20
300 ## - PHYSICAL DESCRIPTION
Extent 94
546 ## - LANGUAGE NOTE
Language note ENGLISH
650 ## - SUBJECT ADDED ENTRY--TOPICAL TERM
Topical term or geographic name entry element Apache
654 ## - SUBJECT ADDED ENTRY--FACETED TOPICAL TERMS
Focus term apache flume
942 ## - ADDED ENTRY ELEMENTS (KOHA)
Koha item type BOOK
Holdings
Withdrawn status Lost status Damaged status Not for loan Collection Home library Current library Date acquired Source of acquisition Cost, normal purchase price Inventory number Total Checkouts Full call number Barcode Date last seen Cost, replacement price Price effective from Koha item type
        CRC Fr. Agnel's C.Rodrigues College of Engineering Fr. Agnel's C.Rodrigues College of Engineering 17/03/2023 Book Service Syndicate 160.00 58 dt 11.06.2014   5.133 HOF 23183 17/03/2023 200.00   BOOK